Novelizácia účtovníctva v oblasti zlúčenia a splynutia obchodných spoločností v nadväznosti na novelizáciu Obchodného zákonníka

Aktuálne povinnosti obchodných spoločností pri zlúčení a splynutí z pohľadu povinnosti precenenia majetku a záväzkov na reálnu hodnotu a povinnosti obchodnej spoločnosti prehodnotiť svoje zatriedenie do jednej z veľkostných skupín.

Na minha lista:
Detalhes bibliográficos
Autor principal: Srnišová, Petra, 1981-
Outros Autores: Máziková, Katarína
Formato: Capítulo de Livro
Idioma:eslovaco
Assuntos:
Tags: Adicionar Tag
Sem tags, seja o primeiro a adicionar uma tag!

MARC

LEADER 00000nla a2200000 4500
001 0243773
005 20240502073941.8
041 0 |a slo 
044 |a SK 
245 1 0 |a Novelizácia účtovníctva v oblasti zlúčenia a splynutia obchodných spoločností v nadväznosti na novelizáciu Obchodného zákonníka  |c Petra Srnišová, Katarína Máziková 
520 |a Aktuálne povinnosti obchodných spoločností pri zlúčení a splynutí z pohľadu povinnosti precenenia majetku a záväzkov na reálnu hodnotu a povinnosti obchodnej spoločnosti prehodnotiť svoje zatriedenie do jednej z veľkostných skupín. 
610 2 0 |a pravidlá účtovné 
610 2 0 |a novelizácia 
610 2 0 |a zákonník obchodný 
610 2 0 |a zlučovanie podnikov 
610 2 0 |a spoločnosti obchodné 
610 2 0 |a majetok 
610 2 0 |a hodnota reálna 
100 1 |a Srnišová, Petra, 1981- 
700 1 |a Máziková, Katarína